Význam outsourcingu pre podnik a jeho využívanie v praxi

Popis procesu outsourcingu s dôrazom na jeho výhody a riziká a identifikácia aktuálnych trendov vo využívaní outsourcingu vo svete ako jedného z kľúčových manažérskych nástrojov.

Guardado en:
Detalles Bibliográficos
Autor principal: Gontkovičová, Barbora, 1986-
Otros Autores: Duľová Spišáková, Emília, 1983-
Formato: Capítulo de libro
Lenguaje:eslovaco
Materias:
Etiquetas: Agregar Etiqueta
Sin Etiquetas, Sea el primero en etiquetar este registro!

MARC

LEADER 00000nla a2200000 4500
001 0223351
005 20240502073644.3
041 0 |a slo 
044 |a SK 
245 1 0 |a Význam outsourcingu pre podnik a jeho využívanie v praxi  |c Barbora Gontkovičová, Emília Duľová Spišáková 
520 |a Popis procesu outsourcingu s dôrazom na jeho výhody a riziká a identifikácia aktuálnych trendov vo využívaní outsourcingu vo svete ako jedného z kľúčových manažérskych nástrojov. 
610 2 0 |a outsourcing 
610 2 0 |a podnik 
610 2 0 |a znižovanie nákladov 
610 2 0 |a zdroje finančné cudzie 
100 1 |a Gontkovičová, Barbora, 1986- 
700 1 |a Duľová Spišáková, Emília, 1983-